| 000 | 00414pam a2200145a 44500 | ||
|---|---|---|---|
| 008 | 230405s2021 xxu||||| |||| 00| 0 eng d | ||
| 020 |
_a9788194727668 _cRs. 450 |
||
| 082 |
_a610.73 _bBAN |
||
| 100 | _aBandana | ||
| 245 | _aTextbook of Applied Nutritionand Ditetics for Undergraduate Nursing Students | ||
| 260 |
_aPanjab _bVision Health Sc. Pub. _c2021 |
||
| 300 | _a356 p. | ||
| 502 | _atext | ||
| 906 | _a004504 | ||
| 999 |
_c252528 _d252528 |
||